[Event "Bosnjaci op 28th"]
[Site "Bosnjaci"]
[Date "2024.01.05"]
[Round "4"]
[White "Zlatarevic, Ivan"]
[Black "Cupic, Lovro"]
[Result "0-1"]
[WhiteElo "2012"]
[BlackElo "2265"]
[PlyCount "80"]
[EventDate "2024.01.03"]
[EventType "swiss"]
[EventRounds "9"]
[EventCountry "CRO"]
[SourceTitle "CB02_2024"]
[SourceDate "2024.01.10"]
[SourceVersion "1"]
[SourceVersionDate "2024.01.10"]
[SourceQuality "1"]

1. d4 d5 2. c4 e5 3. dxe5 d4 4. Nf3 Nc6 5. a3 Nge7 6. Nbd2 Nf5 7. b4 Qe7 8. g3 a5 9. b5 Nxe5 10. Nxe5 Qxe5 11. Bb2 Bc5 12. Bg2 0-0 13. 0-0 Re8 14. Re1 Qe7 15. Nb3 Rd8 16. Nxc5 Qxc5 17. Qd3 Be6 18. Bxb7 Rab8 19. Bc6 Bxc4 20. Rac1 Qxc6 21. Qxc4 Qxb5 22. Ba1 Rd7 23. Qc2 Re8 24. Rb1 Qd5 25. Red1 h5 26. a4 c6 27. Rb6 Rd6 28. e3 Nh4 29. gxh4 d3 30. Qxd3 Qxd3 31. Rxd3 Rxd3 32. Kg2 Ra3 33. Bb2 Rxa4 34. Rxc6 Ra8 35. Kg3 Ra2 36. Bd4 a4 37. Rc5 a3 38. Rc1 Rd2 39. Kf3 a2 40. Ra1 Rb8 0-1

[Event "Bosnjaci op 28th"]
[Site "Bosnjaci"]
[Date "2024.01.04"]
[Round "2"]
[White "Sajin, Mirko"]
[Black "Zlatarevic, Ivan"]
[Result "1-0"]
[WhiteElo "2299"]
[BlackElo "2012"]
[PlyCount "71"]
[EventDate "2024.01.03"]
[EventType "swiss"]
[EventRounds "9"]
[EventCountry "CRO"]
[SourceTitle "CB02_2024"]
[SourceDate "2024.01.10"]
[SourceVersion "1"]
[SourceVersionDate "2024.01.10"]
[SourceQuality "1"]

1. e4 c5 2. Nc3 Nc6 3. f4 e6 4. Nf3 d5 5. Bb5 a6 6. Bxc6+ bxc6 7. d3 Nf6 8. e5 Nd7 9. 0-0 Be7 10. Na4 0-0 11. c4 Qc7 12. Qe2 Qa5 13. b3 Rb8 14. Qe1 Qc7 15. Ba3 Re8 16. Rc1 a5 17. Rc2 Ba6 18. Qf2 d4 19. Nd2 f6 20. exf6 Nxf6 21. Bxc5 Ng4 22. Qxd4 Rbd8 23. Qe4 Bxc5+ 24. Nxc5 Qa7 25. d4 Nf6 26. Qe3 Ng4 27. Qc3 e5 28. fxe5 Bc8 29. Nde4 a4 30. h3 axb3 31. axb3 Nh6 32. Nd6 Rf8 33. Rcf2 Qe7 34. Rxf8+ Rxf8 35. Rxf8+ Qxf8 36. Qf3 1-0

[Event "Bosnjaci op 27th"]
[Site "Bosnjaci"]
[Date "2023.01.06"]
[Round "6"]
[White "Zlatarevic, Ivan"]
[Black "Lacmanovic, Stipe"]
[Result "1/2-1/2"]
[WhiteElo "2058"]
[BlackElo "1907"]
[PlyCount "25"]
[EventDate "2023.01.03"]
[EventType "swiss"]
[EventRounds "9"]
[EventCountry "CRO"]
[SourceTitle "CBM 212 Extra"]
[Source "ChessBase"]
[SourceDate "2023.03.31"]
[SourceVersion "1"]
[SourceVersionDate "2023.03.31"]
[SourceQuality "1"]

1. e4 d6 2. d4 g6 3. Nc3 Bg7 4. Be3 Nf6 5. f3 0-0 6. Qd2 c6 7. 0-0-0 Qc7 8. g4 h5 9. gxh5 Nxh5 10. Kb1 Be6 11. f4 Bg4 12. Be2 Bxe2 13. Ngxe2 1/2-1/2

[Event "Bosnjaci op 27th"]
[Site "Bosnjaci"]
[Date "2023.01.04"]
[Round "3"]
[White "Culum, Sanjin"]
[Black "Zlatarevic, Ivan"]
[Result "1-0"]
[WhiteElo "2242"]
[BlackElo "2058"]
[PlyCount "75"]
[EventDate "2023.01.03"]
[EventType "swiss"]
[EventRounds "9"]
[EventCountry "CRO"]
[SourceTitle "CBM 212 Extra"]
[Source "ChessBase"]
[SourceDate "2023.03.31"]
[SourceVersion "1"]
[SourceVersionDate "2023.03.31"]
[SourceQuality "1"]

1. d4 Nf6 2. Nf3 d5 3. c4 e6 4. g3 Bb4+ 5. Bd2 Be7 6. Bg2 0-0 7. 0-0 b6 8. Qc2 Bb7 9. Bf4 Nbd7 10. Nc3 a6 11. cxd5 exd5 12. Rac1 c5 13. Rfd1 c4 14. a4 Re8 15. Ne5 Nf8 16. Nxc4 Rc8 17. Ne5 Ne6 18. Be3 Bd6 19. Qb3 Bc7 20. f4 h5 21. Bf3 Nf8 22. Rf1 h4 23. g4 Re7 24. g5 Ne4 25. Bg4 Bxe5 26. fxe5 Ne6 27. Nxe4 dxe4 28. g6 Rxc1 29. Rxc1 Bd5 30. Qb4 fxg6 31. Bg5 Nxg5 32. Rc8 Qxc8 33. Bxc8 Rc7 34. Qd6 Rc1+ 35. Kf2 Rxc8 36. Qxd5+ Kh7 37. Qd7 Rf8+ 38. Ke3 1-0

[Event "Bosnjaci op 25th"]
[Site "Bosnjaci"]
[Date "2020.01.09"]
[Round "9"]
[White "Zlatarevic, Ivan"]
[Black "Jakovljevic, Vlado"]
[Result "1/2-1/2"]
[WhiteElo "2043"]
[BlackElo "2351"]
[PlyCount "49"]
[EventDate "2020.01.03"]
[EventType "swiss"]
[EventRounds "9"]
[EventCountry "CRO"]
[SourceTitle "CBM 194 Extra"]
[Source "ChessBase"]
[SourceDate "2020.03.31"]
[SourceVersion "1"]
[SourceVersionDate "2020.03.31"]
[SourceQuality "1"]

1. Nf3 Nf6 2. g3 b6 3. Bg2 Bb7 4. 0-0 c5 5. d3 d5 6. Nc3 e6 7. e4 Be7 8. Re1 0-0 9. a4 dxe4 10. Ng5 Nc6 11. Ngxe4 Qd7 12. Bg5 Nxe4 13. Nxe4 Rfd8 14. Qh5 Nd4 15. Rac1 Bd5 16. c3 Nb3 17. Rcd1 Qe8 18. Bxe7 Qxe7 19. f4 Qc7 20. f5 exf5 21. Qxf5 Be6 22. Qh5 h6 23. Rf1 f5 24. Qg6 Qf7 25. Qxf7+ 1/2-1/2

[Event "Bosnjaci op 23rd"]
[Site "Bosnjaci"]
[Date "2018.01.09"]
[Round "9"]
[White "Zlatarevic, Ivan"]
[Black "Damjanovic, Stjepan"]
[Result "1/2-1/2"]
[WhiteElo "2025"]
[BlackElo "1548"]
[PlyCount "86"]
[EventDate "2018.01.03"]
[EventType "swiss"]
[EventRounds "9"]
[EventCountry "CRO"]
[SourceTitle "CBM 182 Extra"]
[Source "ChessBase"]
[SourceDate "2018.02.23"]
[SourceVersion "1"]
[SourceVersionDate "2018.02.23"]
[SourceQuality "1"]

1. Nf3 d5 2. d4 Nf6 3. c4 e6 4. g3 Be7 5. Bg2 0-0 6. 0-0 b6 7. Nbd2 Bb7 8. b3 Nbd7 9. Bb2 c5 10. cxd5 Nxd5 11. Nc4 Rc8 12. Rc1 b5 13. Nce5 f6 14. Nxd7 Qxd7 15. dxc5 Rxc5 16. Rxc5 Bxc5 17. Bh3 Re8 18. Qc2 Qc7 19. Rc1 Bb6 20. Qxc7 Nxc7 21. Bd4 Bxd4 22. Nxd4 Re7 23. Rc5 a6 24. e3 g6 25. Kf1 e5 26. Nc6 Bxc6 27. Rxc6 Kf7 28. e4 a5 29. a3 h6 30. Ke1 h5 31. Kd2 Ne6 32. Bxe6+ Rxe6 33. Rc7+ Re7 34. Rc5 Rb7 35. Kc3 g5 36. h3 a4 37. Kb4 Kg6 38. bxa4 bxa4+ 39. Rb5 Ra7 40. Rb6 g4 41. hxg4 hxg4 42. Kb5 Rd7 43. Kxa4 Rd2 1/2-1/2

[Event "Bosnjaci op 23rd"]
[Site "Bosnjaci"]
[Date "2018.01.06"]
[Round "6"]
[White "Ascic, Pero"]
[Black "Zlatarevic, Ivan"]
[Result "1/2-1/2"]
[WhiteElo "2323"]
[BlackElo "2025"]
[PlyCount "123"]
[EventDate "2018.01.03"]
[EventType "swiss"]
[EventRounds "9"]
[EventCountry "CRO"]
[SourceTitle "CBM 182 Extra"]
[Source "ChessBase"]
[SourceDate "2018.02.23"]
[SourceVersion "1"]
[SourceVersionDate "2018.02.23"]
[SourceQuality "1"]

1. e4 c6 2. d4 d5 3. Nd2 dxe4 4. Nxe4 Bf5 5. Ng3 Bg6 6. Nf3 Nd7 7. Bd3 Bxd3 8. Qxd3 e6 9. 0-0 Ngf6 10. b3 Bd6 11. c4 0-0 12. Bb2 Qc7 13. Rfe1 Rad8 14. Ne4 Nxe4 15. Qxe4 Rfe8 16. g3 Qa5 17. a3 Qh5 18. Kg2 a6 19. Rad1 Qg6 20. Qe2 Qh5 21. h3 Qa5 22. Qc2 Qc7 23. Ng5 Nf8 24. Re2 h6 25. Nf3 Nd7 26. Rde1 Qc8 27. Qc3 Bf8 28. Qc2 g6 29. h4 Bg7 30. a4 Qc7 31. Bc3 b5 32. Bd2 bxa4 33. bxa4 a5 34. Qc1 Kh7 35. Qc2 Kg8 36. Bc3 Ra8 37. Bd2 Rec8 38. Bf4 Qd8 39. Qc1 Kh7 40. Qc2 Kg8 41. Rd1 Nb8 42. Be5 Na6 43. Red2 Nb4 44. Qe4 Bf8 45. Qg4 Bg7 46. Bxg7 Kxg7 47. Ne5 Qf6 48. Nd7 Qd8 49. Ne5 Qf6 50. Qe4 Qf5 51. Qxf5 gxf5 52. Nd7 Rd8 53. Nc5 Kf6 54. Kf3 Rab8 55. Nb3 Ra8 56. Rb1 Rdb8 57. Nc5 Ra7 58. Rbb2 Ke7 59. d5 Kd6 60. Nd3 cxd5 61. cxd5 e5 62. Nxb4 1/2-1/2